Score 0/16 Timer 03:00
0 Plays Today
Letter Country % Correct
A (5)Afghanistan, Andorra, Armenia, Austria, Azerbaijan
99.2%
L (4)Laos, Lesotho, Liechtenstein, Luxembourg
99.2%
C (3)Central African Republic, Chad, Czechia
98.4%
B (6)Belarus, Bhutan, Bolivia, Botswana, Burkina Faso, Burundi
97.6%
K (3)Kazakhstan, Kosovo, Kyrgyzstan
97.6%
M (4)Malawi, Mali, Moldova, Mongolia
97.6%
U (2)Uganda, Uzbekistan
97.6%
Z (2)Zambia, Zimbabwe
97.6%
Letter Country % Correct
S (5)San Marino, Serbia, Slovakia, South Sudan, Switzerland
96.8%
N (3)Nepal, Niger, North Macedonia
95.2%
R (1)Rwanda
94.4%
V (1)Vatican City
94.4%
H (1)Hungary
92.1%
T (2)Tajikistan, Turkmenistan
92.1%
E (2)Eswatini, Ethiopia
84.9%
P (1)Paraguay
80.2%
Remove Ads.
Support Sporcle.
Get the best of Sporcle when you Go Orange. This ad-free experience offers more features, more stats, and more fun while also helping to support Sporcle. Thank you for becoming a member.

You're not logged in!

Compare scores with friends on all Sporcle quizzes.
OR
Log In

Show Comments

Extras

Created Jan 15, 2015ReportNominate
Tags:Country Quiz, A to Z, Landlocked

Top Quizzes Today


Score Distribution

Your Account Isn't Verified!

In order to create a playlist on Sporcle, you need to verify the email address you used during registration. Go to your Sporcle Settings to finish the process.

Report this User

Report this user for behavior that violates our Community Guidelines.

Details: